01519cam a22003737a 4500003000500000005001700005008004100022010000900063011000900072035000900081040000900090090001000099100003600109245017000145260004000315300002200355502007700377590003700454590004100491590004100532590004100573590004200614650003100656650003200687650002800719650002800747901000700775942000900782949004100791949004600832999001500878952012500893952012701018CHAP20220329133005.0971013s1990 r 00010 d a1008 a1980 a1165 cCHAP aTesis00aOrtiz Torres, Enrique A.984073 0aRendimiento de híbridos de maíz (Zea mays L.) de la zona de transición el Bajio Valles Altos, por efecto de la utilización de semilla de generaciones F1 y F2 aChapingo, Méx. :bEl autor,c1990 a62 h.b: gráfs. aTesis (Ing. Agr. Esp. en Fitotecnia) -- UACH. Departamento de Fitotecnia aALEPHb10c20130110lUCH01h1207 aBATCH-UPDb10c20130110lUCH01h1721 aBATCH-UPDb10c20130410lUCH01h1105 aBATCH-UPDb10c20130914lUCH01h1747 aCONVERSIONb10c20130109lUCH01h130214aMaízxHíbridos.97097414aMaízxRendimiento.97105114aMaízxSemilla.97105914aMaízzHidalgo.971093 aBK cFOLL bBCcTESd-10629eTS1h23293i1165si bBCcTESd-70405eTS2fc.2h23294i1165si c1008d1008 00102local4053708TESISaBCbBCcPA_TESISd2019-12-31fTESISl0p-70405r2019-12-31 00:00:00tc.2w2019-12-31yTESIS 00102local4051708TESISaBCbBCcPA_TESISd2019-12-31fTESISl0oTesisp-10629r2019-12-31 00:00:00w2019-12-31yTESIS